000 00671cam a22002413a 4500
001 14535
003 PGUSA
005 20140828083318.0
008 041230s2004||||xxu|||||s|||||000 | eng d
040 _aPGUSA
_beng
042 _adc
050 4 _aPR
100 1 _aStevenson, Robert Louis,
_d1850-1894
245 1 2 _aA Christmas Sermon
_h[electronic resource] /
_cRobert Louis Stevenson
260 _bProject Gutenberg,
_c2004
506 _aPublic domain in the USA.
516 _aElectronic text
653 _aChristmas sermons
653 _aConduct of life
830 0 _aProject Gutenberg
_v14535
856 4 0 _uhttp://www.gutenberg.org/ebooks/14535
942 _cEB
999 _c243790
_d243790